Statistics for World Map Without 50 Random Countries

Click here to take the quiz!

General Stats

  • This quiz has been taken 306 times
  • The average score is 46 of 50

Answers on the Map

Answers color-coded by a green-red scale on the quiz's map according to % correct below.
 

Answer Stats

Country% Correct
Australia
100%
Austria
100%
Belarus
100%
Bolivia
100%
Bosnia and Herzegovina
100%
Brazil
100%
Canada
100%
Central African Republic
100%
Chile
100%
China
100%
Colombia
100%
Costa Rica
100%
Croatia
100%
Czech Republic
100%
DR Congo
100%
Egypt
100%
Ethiopia
100%
France
100%
Ivory Coast
100%
Kazakhstan
100%
Kenya
100%
Laos
100%
Libya
100%
Mauritius
100%
Mexico
100%
Niger
100%
Nigeria
100%
Norway
100%
Panama
100%
Peru
100%
Portugal
100%
Saudi Arabia
100%
Slovakia
100%
Spain
100%
Sudan
100%
Suriname
100%
Sweden
100%
Switzerland
100%
Togo
100%
Tunisia
100%
Uganda
100%
United States
100%
Uzbekistan
100%
Venezuela
100%
Argentina
96%
Burkina Faso
96%
Cambodia
96%
Ecuador
96%
Guatemala
96%
Indonesia
96%
Iraq
96%
Ireland
96%
Japan
96%
Morocco
96%
Nicaragua
96%
Republic of the Congo
96%
Russia
96%
South Sudan
96%
Thailand
96%
Algeria
95%
Chad
95%
Finland
95%
Greece
95%
Guyana
95%
Hungary
95%
Jordan
95%
Liberia
95%
Mali
95%
Nepal
95%
Oman
95%
Pakistan
95%
Somalia
95%
South Africa
95%
Zimbabwe
95%
Afghanistan
94%
Bulgaria
94%
Denmark
94%
Dominican Republic
94%
Germany
94%
Guinea
94%
Kyrgyzstan
94%
Lithuania
94%
Mauritania
94%
North Macedonia
94%
Paraguay
94%
Poland
94%
Romania
94%
Turkmenistan
94%
Ukraine
94%
United Kingdom
94%
Zambia
94%
Benin
93%
Malawi
93%
Mongolia
93%
Serbia
93%
Cameroon
92%
Eritrea
92%
Iran
92%
Kosovo
92%
Lesotho
92%
New Zealand
92%
Slovenia
92%
Albania
91%
Belgium
91%
Italy
91%
Kiribati
91%
Syria
91%
Turkey
91%
Cuba
90%
Georgia
90%
Palau
90%
South Korea
90%
Taiwan
90%
Tanzania
90%
Uruguay
90%
Yemen
90%
Bangladesh
89%
Ghana
89%
Honduras
89%
Namibia
89%
Vietnam
89%
Botswana
88%
Iceland
88%
Myanmar
88%
Solomon Islands
88%
Senegal
87%
Armenia
86%
Fiji
86%
India
86%
Malaysia
86%
Mozambique
86%
Belize
85%
Burundi
85%
Madagascar
85%
Maldives
85%
Sierra Leone
85%
Comoros
83%
El Salvador
83%
Estonia
83%
FS Micronesia
83%
Gabon
83%
Netherlands
83%
Rwanda
83%
Tajikistan
83%
Vanuatu
83%
Israel
82%
Moldova
82%
North Korea
82%
United Arab Emirates
82%
Angola
81%
Papua New Guinea
81%
Haiti
80%
Malta
80%
Sao Tome and Principe
80%
Nauru
78%
Philippines
78%
Guinea-Bissau
77%
Seychelles
77%
Bahamas
76%
Tuvalu
75%
Kuwait
73%
Eswatini
72%
Azerbaijan
71%
Equatorial Guinea
71%
Jamaica
71%
Latvia
71%
Marshall Islands
71%
Samoa
70%
Sri Lanka
69%
Cape Verde
68%
Tonga
61%

Score Distribution

Percentile by Number Answered

Percent of People with Each Score

Your Score History

You have not taken this quiz